Normal view
MARC view
Entry Personal Name
001 - CONTROL NUMBER
- control field: 36154
003 - CONTROL NUMBER IDENTIFIER
- control field: ARRUPE
005 - DATE AND TIME OF LATEST TRANSACTION
- control field: 20170922120510.0
008 - FIXED-LENGTH DATA ELEMENTS
- fixed length control field: 170922|| aca||aabn | a|a d
040 ## - CATALOGING SOURCE
- Original cataloging agency: ARRUPE
- Transcribing agency: ARRUPE
100 ## - HEADING--PERSONAL NAME
- Personal name: Carpenter, Rhys,
- Dates associated with a name: 1889-1980.
670 ## - SOURCE DATA FOUND
- Source citation: Work cat.: (ARRUPE)39483: Carpenter, Rhys, 1889-1980., Discontinuity in Greek civilization., 1966.